000 01761 a2200265 4500
001 18806
005 20260407155459.0
008 260407a2010 arg spa d
003 AR-UNSa-BCEJYS
040 _aAR-UNSa-BCEJYS
_bspa
_cAR-UNSa-BCEJYS
080 _a378
_xEnseñanza superior. Universidades. Escuelas especiales
245 1 0 _aLa autonomía universitaria
_pdefiniciones normativas y jurisprudenciales en clave histórica y actual
020 _a978-987-03-1732-6
264 1 _aBuenos Aires :
_bUniversidad de Buenos Aires. Facultad de Derecho. Departamento de Publicaciones
_c2010
300 _axxvi, 271 p.
_c24 cm.
505 _a1. Las políticas universitarias hacia el centenario - 2. Cogobierno: Una historia de intereses compartidos o contrapuestos - 3. La universidad en el primer peronismo: una institución en conflicto. Entre la autonomía y la expansión de la educación superior - 4. La clausura de patrón universitario original: intervención, normalización y desregulación universitaria - 5. El restablecimiento normativo de la autonomía universitaria y su consagración constitucional - 6. La constitución del estado evaluador en la Argentina: su análisis a través de la regulación del régimen de títulos universitarios - 7. Los contornos de la autonomía universitaria delineados por los fallos de la Corte Suprema de Justicia de la Nación
942 _cBK
590 _aniveau_biblio:m niveau_hierar:0
100 1 _aRuiz, Guillermo
700 1 _aCardinaux, Nancy
700 1 _aClérico, María Laura
700 1 _aPittelli, Cecilia
700 1 _aScioscioli, Sebastián
856 4 1 _uhttps://biblioeco.unsa.edu.ar/pmb/images/libros/La autonom?a universitaria Ruiz, Guillermo (2010).jpg
_yImagen de portada
_qimage/jpeg
999 _c730
_d730